| 000 | 00579nam a22001577a 4500 | ||
|---|---|---|---|
| 003 | OSt | ||
| 005 | 20151103140241.0 | ||
| 008 | 151103b xxu||||| |||| 00| 0 eng d | ||
| 040 | _cRUA | ||
| 082 | _aFOR មិន 1995 B120 Or.1 | ||
| 100 |
_93263 _aមិន ចណ្ឌីណាវុធ |
||
| 245 | _aសិក្សាលក្ខណៈជីវសាស្ត្រនៃពពួកសត្វព្រៃដែលស្របទៅនឹងតំបន់ភ្នំតាម៉ៅ | ||
| 260 |
_aPhnom Penh _bRUA _c1995 |
||
| 300 |
_a74p. _bill. _c29cm. |
||
| 942 |
_2ddc _cFOR |
||
| 999 |
_c3045 _d3045 |
||